000
00215nam a22001097a 4500
082
_a
620.0023KEV
100
_a
Kevin
245
_a
What i engineering
260
_a
London
_b
Edward
_c
1987
300
_a
85
942
_c
BK
999
_c
14227
_d
14227